Dad Jokes - Statistics

General Stats
  • This quiz has been taken 113 times
    90 since last reset
  • The average score is 20 of 30
Answer Stats
Hint Answer % Correct
What do you call a spaghetto in disguise? An impasta
84%
What's red and hurts your teeth? Bricks
80%
Why did the cookie go to the hospital? It felt crummy
76%
What do you call a sheep covered in plastic? Laminated
76%
Why did the boy throw his clock out the window? To see time fly
76%
What did the farmer say after losing his tractor? Where's my tractor?
76%
What do you call bears that don't have ears? B
75%
How much do roofs cost? Nothing; they're on the house
75%
When does a joke become a dad joke? When it becomes apparent
75%
What do you call a patronizing criminal walking down stairs? A condescending con descending
73%
What do you call someone with neither body nor a nose? Nobody, knows
73%
Why are the Irish so wealthy? Their capital is Dublin
73%
Why can't you trust atoms? They make up everything
71%
Why can't you trust stairs? They're always up to something
71%
What's something that will make you smile? Your face muscles
69%
Why did the airplane crash land in Lake Michigan? Because the pilot was a loaf of bread
67%
What's the best way to make antifreeze? Take away her blanket
67%
What did one hat say to the other? You go on ahead
67%
What do Alexander the Great and Winnie the Pooh have in common? Same middle name
65%
What's the easiest way to get straight A's in school? Use a ruler
65%
When is a door not a door? When it's a jar
65%
What is the biggest cause of dry skin? Towels
64%
What kind of tea is hard to swallow? Reality
58%
What do you call a soaring music genre? Jetpunk
55%
What's the most terrifying thing a nuclear physicist could say? Oops
55%
Interrupting fr-- Ribbit
55%
Why is 6 afraid of 7? It's not
49%
What's a pirate's favorite letter? None, they're illiterate
49%
What came first, the chicken or the egg? Safety always comes first
38%
What do you get when you cross a joke and a rhetorical question?
27%
No matching quizzes found
Score Distribution
Percent of People with Each Score
Percentile by Number Answered
Your Score History
You have not taken this quiz since the last reset